00558 2200205 4500001002100000005001500021035002000036007000300056008004100059020000800100082001000108084001600118100001600134245003800150250002000188260003000208300004700238650003100285856003600316INLIS00000000113918220220121124659 a0010-0122004339ta220121 g 0 ind  a... a923.2 a923.2 DUM k0 aSagimun,M.D1 aKI HAJAR DEWANTARA /cSagimun,M.D acetakan pertama aJakarta :bBhatara,c1974 a59 halaman :bTidak illustrasi ;c21x15 cm 4aPahlawan-Pahlawan Nasional aPerpustakaan Umum Kota Makassar